Name All Mega Pokemon - Statistics

General Stats
  • This quiz has been taken 40 times
  • The average score is 82 of 96
Answer Stats
Typing Pokemon % Correct
Fire/Dragon Charizard X
97%
Fire/Flying Charizard Y
97%
Grass/Poison Venusaur
97%
Bug/Poison Beedrill
94%
Water Blastoise
94%
Dragon/Flying Dragonite
94%
Psychic/Fairy Gardevoir
94%
Psychic/Fighting Mewtwo X
94%
Psychic Mewtwo Y
94%
Grass/Dragon Sceptile
94%
Water/Ground Swampert
94%
Psychic Alakazam
91%
Ghost Banette
91%
Fire/Fighting Blaziken
91%
Fire/Ground Camerupt
91%
Ghost/Poison Gengar
91%
Ice Glalie
91%
Fighting/Flying Hawlucha
91%
Dark/Fire Houndoom
91%
Fighting/Steel Lucario
91%
Grass/Fairy Meganium
91%
Normal/Flying Pidgeot
91%
Bug/Flying Pinsir
91%
Electric Raichu X
91%
Electric Raichu Y
91%
Dragon/Flying Rayquaza
91%
Steel/Ground Steelix
91%
Grass/Poison Victreebel
91%
Dark Absol
89%
Rock/Flying Aerodactyl
89%
Dragon/Fairy Altaria
89%
Dark Darkrai
89%
Electric Eelektross
89%
Water/Dragon Feraligatr
89%
Psychic/Fighting Gallade
89%
Dragon/Ground Garchomp
89%
Ground/Fire Groudon
89%
Water/Dark Gyarados
89%
Bug/Fighting Heracross
89%
Electric Manectric
89%
Steel/Fairy Mawile
89%
Fighting/Psychic Medicham
89%
Steel/Psychic Metagross
89%
Dragon/Flying Salamence
89%
Bug/Steel Scizor
89%
Water/Psychic Starmie
89%
Dragon/Ground Zygarde
89%
Steel Aggron
86%
Fairy/Flying Clefable
86%
Ice/Ghost Froslass
86%
Water/Dark Greninja
86%
Normal Kangaskhan
86%
Water Kyogre
86%
Dragon/Psychic Latias
86%
Dragon/Psychic Latios
86%
Dark/Ghost Sableye
86%
Water/Dark Sharpedo
86%
Steel/Flying Skarmory
86%
Rock/Dark Tyranitar
86%
Dark/Ghost Absol Z
83%
Electric/Dragon Ampharos
83%
Normal/Fairy Audino
83%
Ghost/Fire Chandelure
83%
Grass/Fighting Chesnaught
83%
Fire/Psychic Delphox
83%
Poison/Dragon Dragalge
83%
Fire/Fighting Emboar
83%
Ground/Steel Excadrill
83%
Fire/Steel Heatran
83%
Dark/Psychic Malamar
83%
Fire/Normal Pyroar
83%
Dark/Fighting Scrafty
83%
Water/Psychic Slowbro
83%
Grass/Ice Abomasnow
80%
Psychic/Steel Chimecho
80%
Normal/Dragon Drampa
80%
Normal/Fighting Lopunny
80%
Fighting/Steel Lucario Z
80%
Bug/Poison Scolipede
80%
Fire/Water Volcanion
80%
Rock/Fighting Barbaracle
77%
Dragon/Ice Baxcalibur
77%
Fairy Floette
77%
Dragon Garchomp Z
77%
Psychic Meowstic
77%
Grass/Fire Scovillain
77%
Fighting/Flying Staraptor
77%
Fighting/Ice Crabominable
74%
Rock/Poison Glimmora
74%
Bug/Steel Golisopod
74%
Ground/Ghost Golurk
74%
Steel/Fairy Magearna
74%
Rock/Fairy Diance
71%
Dragon/Water Tatsugiri
71%
Fighting Falinks
69%
Electric Zeraora
63%
No matching quizzes found
Score Distribution
Percent of People with Each Score
Percentile by Number Answered
Your Score History
You have not taken this quiz